| 000 | 00811nam a2200265Ia 4500 | ||
|---|---|---|---|
| 008 | 191130s1987##################000#0#eng## | ||
| 020 | _a9780875841472 | ||
| 022 | _a86019569 | ||
| 040 |
_aACL _cACL |
||
| 082 | _a338.6048 LOD | ||
| 245 |
_aIdeology and national competitiveness : an analysis of nine countries _cedited by George C. Lodge and Ezra F. Vogel |
||
| 260 |
_aBoston, Mass _bHarvard Business School _cc1987 |
||
| 300 | _ax, 350 p. ; 24 cm | ||
| 500 | _aIncludes index. Bibliography: p. 327-342 | ||
| 650 | _aCommunities | ||
| 650 | _aCompetition, International | ||
| 650 | _aEconomics | ||
| 650 | _aIdeology | ||
| 650 | _aIndividualism | ||
| 700 | _aLodge, George C | ||
| 700 | _aVogel, Ezra F | ||
| 990 | _a8fb90aefac10000c6c7772409a1f27db | ||
| 991 | _a202446 | ||
| 999 |
_c210966 _d210966 |
||